An experimental study using 3-aminoproplymethyldiethoxysilane (APMDS) to improve biocompatibility of NR latex film (Record no. 75253)

MARC details
000 -LEADER
fixed length control field 00635nam a22002177a 4500
100 ## - MAIN ENTRY--AUTHOR NAME
Personal name Abdullah, N.
245 ## - TITLE STATEMENT
Title An experimental study using 3-aminoproplymethyldiethoxysilane (APMDS) to improve biocompatibility of NR latex film
260 ## - PUBLICATION, DISTRIBUTION, ETC. (IMPRINT)
Name of publisher Journal of Rubber Research, 26(2): 2023. 125-137
300 ## - PHYSICAL DESCRIPTION
Other physical details May
650 ## - SUBJECT ADDED ENTRY--TOPICAL TERM
Topical Term 3-aminoproplymethyldiethoxysilane
650 ## - SUBJECT ADDED ENTRY--TOPICAL TERM
Topical Term Biocompatible
650 ## - SUBJECT ADDED ENTRY--TOPICAL TERM
Topical Term Cytotoxicity
650 ## - SUBJECT ADDED ENTRY--TOPICAL TERM
Topical Term Natural rubber latex
650 ## - SUBJECT ADDED ENTRY--TOPICAL TERM
Topical Term Additives
700 ## - ADDED ENTRY--PERSONAL NAME
Personal name Yusof, N.H.
700 ## - ADDED ENTRY--PERSONAL NAME
Personal name Sharib, S.F.M.
700 ## - ADDED ENTRY--PERSONAL NAME
Personal name Manaf, S.N.Q.
700 ## - ADDED ENTRY--PERSONAL NAME
Personal name Yaakob, T.A.
700 ## - ADDED ENTRY--PERSONAL NAME
Personal name Mok, K.L.
942 ## - ADDED ENTRY ELEMENTS (KOHA)
Koha item type Journals
Holdings
Withdrawn status Lost status Damaged status Not for loan Home library Current library Date acquired Koha item type
        RRII Library RRII Library 03/05/2024 Journals